Prachin Marathi Sant Kaviyitrinche Vangmain Karya (Record no. 807115)

MARC details
000 -LEADER
fixed length control field 00538nam a2200193Ia 4500
008 - FIXED-LENGTH DATA ELEMENTS--GENERAL INFORMATION
fixed length control field 101110s9999 xx 000 0 und d
041 ## - LANGUAGE CODE
Language code of text/sound track or separate title MARATHI
082 ## - DEWEY DECIMAL CLASSIFICATION NUMBER
Item number SR12714
Classification number 891.4611009
100 ## - MAIN ENTRY--PERSONAL NAME
Personal name Irlekar Suhasini
245 ## - TITLE STATEMENT
Title Prachin Marathi Sant Kaviyitrinche Vangmain Karya
365 ## - TRADE PRICE
Price amount 40
520 ## - SUMMARY, ETC.
Summary, etc Marathi
546 ## - LANGUAGE NOTE
Language note MARATHI
630 ## - SUBJECT ADDED ENTRY--UNIFORM TITLE
Uniform title Prachin Marathi Sant Kaviyitrinche Vangmain Karya
650 ## - SUBJECT ADDED ENTRY--TOPICAL TERM
Topical term or geographic name as entry element Marathi
655 ## - INDEX TERM--GENRE/FORM
Genre/form data or focus term Marathi
730 ## - ADDED ENTRY--UNIFORM TITLE
Uniform title Prachin Marathi Sant Kaviyitrinche Vangmain Karya
942 ## - ADDED ENTRY ELEMENTS (KOHA)
Koha item type Book
Holdings
Withdrawn status Lost status Damaged status Not for loan Home library Current library Shelving location Date acquired Cost, normal purchase price Shelving control number Total Checkouts Barcode Date last seen Price effective from Koha item type
        D. B. J. College, Chiplun D. B. J. College, Chiplun   11/11/2010 40.00     DBJSR12714 11/11/2010 11/11/2010 Book